Statistics for Women's Soccer players

Click here to take the quiz!

General Stats

  • This quiz has been taken 224 times
  • The average score is 8 of 26

Answer Stats

Answer% Correct
Alex Morgan
92%
Megan Rapinoe
89%
Marta
86%
Lucy Bronze
69%
Wendie Renard
62%
Hope Solo
55%
Carli Lloyd
48%
Abby Wambach
43%
Christine Sinclair
41%
Ada Hegerberg
40%
Amandine Henry
24%
Lieke Martens
19%
Caroline Seger
16%
Christie Rampone
15%
Cristiane
14%
Formiga
14%
Lea Schuller
12%
Birgit Prinz
11%
Lisa de Vanna
8%
Bárbara
7%
Homare Sawa
5%
Andressa Alves
2%
Érika
1%
Maribel Dominguez
1%
Barbara Bonancea
0%
Wang Chuang
0%

Score Distribution

Percentile by Number Answered

Percent of People with Each Score

Your Score History

You have not taken this quiz